| 000 | 00613nam a22002177a 4500 | ||
|---|---|---|---|
| 999 |
_c6619 _d6619 |
||
| 003 | OSt | ||
| 005 | 20200211150130.0 | ||
| 008 | 200211b ||||| |||| 00| 0 eng d | ||
| 020 | _a9780857028358 | ||
| 040 | _cDDC | ||
| 082 | _a150 PSY 2013 | ||
| 100 |
_aEdited by Rowan, Bayne; Gordon, Jinks _913618 |
||
| 245 | _aApplied Psychology: research, training and practice | ||
| 250 | _a2nd ed. | ||
| 260 |
_aLos Angeles; _bSage, _c2013 |
||
| 300 |
_axviii,348p; _bIll: _c23cm |
||
| 504 | _aReferences, & index included | ||
| 650 |
_aPsychology _931 |
||
| 650 |
_aEducational research _95824 |
||
| 942 |
_2ddc _cO_SHELF |
||